000 00688nam a2200241 a 4500
005 20191224041534.0
008 140221b1996 -Us||||| |||| 00| 0 eng d
020 _a155963318
040 _aCO-BoIAVH
_cCO-BoIAVH
041 _aeng
044 _axxu
082 _a179.1
_bK29
100 _aKellert, Stephen R.
245 1 0 _aValue of life biological diversity and human society
260 _aWashington
_bIsland Press
_c1996
300 _a263 páginas
_c22 x 15 cm
650 1 4 _aValoración ambiental
650 1 4 _aValoración económica
650 1 4 _aValoración estética
650 1 4 _aBiodiversidad
650 1 4 _aHombre
942 _cLIBRO
_2ddc
999 _c557
_d557